| 000 | 00820nam a22002297a 4500 | ||
|---|---|---|---|
| 999 |
_c1013 _d1013 |
||
| 003 | AR-CdUCM | ||
| 008 | 190226b ||||| |||| 00| 0 spa d | ||
| 040 |
_aMUNICIPALIDAD PROVINCIAL DEL CUSCO _cBIBLIOTECA MUNICIPAL DEL CUSCO |
||
| 082 |
_a301.36 / _bD64 |
||
| 245 | _aGuerrero de los Rios, Raul | ||
| 260 |
_aPerú : _bPerugraph Editores SA. _c1977. |
||
| 300 |
_a153 paginas ; _c17 cm. |
||
| 505 | _aCrecimiento y concentración urbana --La ideologización de la ciudad --Infraestructura --Equipamiento urbano ... | ||
| 650 |
_aProcesos sociales _93942 |
||
| 650 |
_aProceso de urbanizacion _93943 |
||
| 650 |
_aHegemonía política _93944 |
||
| 650 |
_aIdelogia _93945 |
||
| 650 |
_aIgualdad de posibilidades _93946 |
||
| 700 |
_aAbelardo Sanchez Leon _9540 |
||
| 942 |
_2ddc _cLIBROS |
||
| 945 |
_arjall _d2019-02-26 |
||